| 000 | 00864nam a22002657a 4500 | ||
|---|---|---|---|
| 001 | 4037 | ||
| 003 | FISKH | ||
| 005 | 20240603092054.0 | ||
| 008 | 240603b cb ||||| |||| 00| 0 eng d | ||
| 020 | _a9780439087599 | ||
| 040 |
_aFISKH _beng _cFISKH _dFISKH |
||
| 050 | _aPZ7.P52112 | ||
| 082 | _a813.54 | ||
| 100 |
_aPhilbrick Rodman _d1951- |
||
| 245 |
_aThe last book in the universe / _cRodman Philbrick |
||
| 260 |
_aNew York : _bBlue Sky Press, _c2000 |
||
| 300 |
_a223 pages : _c20 cm |
||
| 505 | _aM | ||
| 520 | _aAfter an earthquake has destroyed much of the planet, an epileptic teenager nicknamed Spaz begins the heroic fight to bring human intelligence back to the Earth of a distant future. | ||
| 521 | 8 |
_a740
_bLexile |
|
| 521 | 8 |
_aM
_bRaz-Plus |
|
| 700 | _aRodman Philbrick | ||
| 942 |
_2ddc _cBK _n0 |
||
| 999 |
_c4037 _d4037 |
||